| 000 | 00485nam a2200181Ia 4500 | ||
|---|---|---|---|
| 008 | 131103s9999 xx 000 0 und d | ||
| 040 | _aLoreto College | ||
| 041 | _aEnglish | ||
| 082 |
_a613/HOL _bLCBED/1779 |
||
| 100 | _aHolmes, Alan C. | ||
| 245 |
_aHealth education in developing countries _cAlan C. Holmes |
||
| 260 |
_aLondon _bNelson _c1964 |
||
| 300 |
_a190p. _c 20cm. |
||
| 504 | _aIncludes index | ||
| 650 | _aHealth & hygiene | ||
| 850 | _aLCBED/613/HOL | ||
| 942 | _cBK | ||
| 999 |
_c30061 _d80540 |
||